000 00631nam a2200241 a 4500
001 0001-1257
003 ELIB.Books
008 150615 2010 eng
020 _a0875790496
035 _a(ELIB.Books)0001-1412
092 _a248
_bKin
100 _aKinard, J. Spencer.
245 _aA Time for Reflection from the Spoken Word
260 _aSalt Lake City
_bDeseret Book Company
_c1986
300 _a192
_c23.5 Cm
500 _aC/o Moe Lwei
650 _aChristian Life
856 _nKBTS: Library
_uKBTS: Elib
942 _2ddc
_cBK
990 _a1
998 _cbat
_e2015-06-15
999 _c11257
_d11257